Nickelback Discography Quiz - Statistics

General Stats
  • This quiz has been taken 111 times
    64 since last reset
  • The average score is 8 of 10
Answer Stats
Year Album % Correct
2008 Dark Horse
89%
2001 Silver Side Up
85%
2005 All the Right Reasons
83%
2017 Feed the Machine
83%
1996 Curb
81%
2003 The Long Road
79%
2022 Get Rollin'
77%
2011 Here and Now
77%
1998 The State
64%
2014 No Fixed Address
62%
No matching quizzes found
Score Distribution
Percent of People with Each Score
Percentile by Number Answered
Your Score History
You have not taken this quiz since the last reset